The Child at school : (Record no. 362639)
[ view plain ]
| 000 -LEADER | |
|---|---|
| fixed length control field | 00443nam a2200145Ia 4500 |
| 008 - FIXED-LENGTH DATA ELEMENTS--GENERAL INFORMATION | |
| fixed length control field | 191111s9999 xx 000 0 und d |
| 020 ## - INTERNATIONAL STANDARD BOOK NUMBER | |
| International Standard Book Number | 9781848723009 |
| 100 ## - MAIN ENTRY--PERSONAL NAME | |
| Personal name | Blatchford, Peter. |
| 245 ## - TITLE STATEMENT | |
| Statement of responsibility, etc | Peter Blatchford.-- |
| Title | The Child at school : |
| Remainder of title | interactions with peers and teachers / |
| 250 ## - EDITION STATEMENT | |
| Edition statement | 2nd ed |
| 260 ## - PUBLICATION, DISTRIBUTION, ETC. (IMPRINT) | |
| Place of publication, distribution, etc | USA : |
| Name of publisher, distributor, etc | Routledge |
| Date of publication, distribution, etc | 2016 |
| 300 ## - PHYSICAL DESCRIPTION | |
| Extent | 308 pages. |
| 650 ## - SUBJECT ADDED ENTRY--TOPICAL TERM | |
| Topical term or geographic name as entry element | Child development |
| 650 ## - SUBJECT ADDED ENTRY--TOPICAL TERM | |
| Topical term or geographic name as entry element | School children -- PSychology |
| Withdrawn status | Lost status | Damaged status | Home library | Current library | Shelving location | Date acquired | Source of acquisition | Total Checkouts | Full call number | Barcode | Date last seen | Price effective from | Koha item type |
|---|---|---|---|---|---|---|---|---|---|---|---|---|---|
| College Library | College Library | Reserve Section | 11/11/2019 | Library Fund | LB 1115 .B644 2016 | C21993 | 11/11/2019 | 11/11/2019 | Books |